000 00516nam a2200193Ia 4500
005 20250507130226.0
008 008 250505s9999 xx 000 0 eng d
037 _aSeries Article
040 _aEASL
_beng
_cEASL
041 _aeng
_2eng
084 _qEASL
100 _aShah Alpa
245 0 _aMaoist movement in Jharkhand,India
260 _aUK
_bCambridge Cambridge University Press UK
_c2011
300 _a1095-1118
650 _aAsian Studies
942 _cSRA
999 _c1318412
_d1318412